00427nam a2200181Ia 4500003000400000005001700004008004100021020001500062050002200077100001700099245002800116250001200144260003500156300003300191440000600224521000700230526000800237OSt20140321085541.0140130s9999 xx 000 0 und d a0590487515 aPZ 7b.T3Pac 1988 aThaler, Mike cMike ThaleraPack 109 / a1st ed. bScholastic,c1988.aNew York : a48 p. :bcol. ill. ;c22 cm. v1 aG1 c250